|
|
|
|
| LEADER |
00000nam0a2200000 4500 |
| 001 |
248250 |
| 005 |
20231225143350.0 |
| 035 |
|
|
|a (RuTPU)RU\TPU\book\270000
|
| 090 |
|
|
|a 248250
|
| 100 |
|
|
|a 20140121d2013 km y0rusy50 ca
|
| 101 |
0 |
|
|a rus
|
| 102 |
|
|
|a RU
|
| 105 |
|
|
|a y l 000zy
|
| 200 |
1 |
|
|a Основные требования к представлению и оформлению оригинал-макетов изданий
|f Национальный исследовательский Томский политехнический университет (ТПУ) ; под ред. О. Б. Шаминой; сост. Н. Я. Горбунова, Д. В. Заремба, К. С. Чечельницкая
|
| 210 |
|
|
|a Томск
|c Изд-во ТПУ
|d 2013
|
| 215 |
|
|
|a 59 с.
|
| 606 |
1 |
|
|a Издательская продукция
|x Оформление
|2 stltpush
|3 (RuTPU)RU\TPU\subj\12219
|9 39045
|
| 610 |
1 |
|
|a издательское дело
|
| 610 |
1 |
|
|a издательства
|
| 610 |
1 |
|
|a издательская продукция
|
| 610 |
1 |
|
|a требования
|
| 610 |
1 |
|
|a макеты
|
| 610 |
1 |
|
|a оригинал-макет
|
| 610 |
1 |
|
|a оформление
|
| 610 |
1 |
|
|a таблицы
|
| 610 |
1 |
|
|a формулы
|
| 610 |
1 |
|
|a виды
|
| 610 |
1 |
|
|a труды учёных ТПУ
|
| 675 |
|
|
|a 655.53
|v 3
|
| 702 |
|
1 |
|a Шамина
|b О. Б.
|c специалист в области машиностроения
|c доцент Томского политехнического университета, кандидат технических наук
|c заместитель директора Издательства Томского политехнического университета
|f 1955-
|g Ольга Борисовна
|3 (RuTPU)RU\TPU\pers\27844
|4 340
|9 12879
|
| 702 |
|
1 |
|a Горбунова
|b Н. Я.
|c главный редактор Издательства Томского политехнического университета
|f 1950-
|g Нина Яковлевна
|3 (RuTPU)RU\TPU\pers\31727
|4 220
|
| 702 |
|
1 |
|a Заремба
|b Д. В.
|c редактор Издательства Томского политехнического университета
|f 1980-
|g Дина Владимировна
|3 (RuTPU)RU\TPU\pers\31728
|4 220
|
| 702 |
|
1 |
|a Чечельницкая
|b К. С.
|c специалист в области информатики и вычислительной техники
|c ведущий программист Томского политехнического университета
|f 1983-
|g Ксения Сергеевна
|3 (RuTPU)RU\TPU\pers\31729
|4 220
|
| 712 |
0 |
2 |
|a Национальный исследовательский Томский политехнический университет (ТПУ)
|c (2009- )
|3 (RuTPU)RU\TPU\col\15902
|
| 801 |
|
1 |
|a RU
|b 63413507
|c 20140121
|
| 801 |
|
2 |
|a RU
|b 63413507
|c 20140122
|g RCR
|
| 942 |
|
|
|c BK
|